000 00294nam a22001337a 4500
082 _a894.812.1
_bVEN/V
100 _aVENNIYUR, RASHEED
245 _aVELLARAM KANNULLA POOMBATTAKAL
260 _aVENNIYUR
_bMANDHARAM
_c2022
300 _a114
520 _aPOETRY
650 _aPOETRY
942 _cBK
999 _c4433
_d4433